Jon Gruden Coaching Tree - Statistics

General Stats
  • This quiz has been taken 3 times
  • The average score is 1 of 12
Answer Stats
Wins Team Coach % Correct
193 PIT Mike Tomlin
100%
82 SFF Kyle Shanahan
33%
2 NOS Aaron Kromer
0%
18 LVR Bill Callahan
0%
4 TEN Brian Callahan
0%
14 JAX Gus Bradley
0%
35 WAS Jay Gruden
0%
13 CHI Marc Trestman
0%
4 DEN Nathaniel Hackett
0%
37 TBB Raheem Morris
0%
7 LVR Rich Bisaccia
0%
10 DET Rod Marinelli
0%
No matching quizzes found
Score Distribution
Percent of People with Each Score
Percentile by Number Answered
Your Score History
You have not taken this quiz